Κατάλογος Βιβλιοθηκών Mediterranean College

ΕΡΕΥΝΑ ΑΓΟΡΑΣ (Record no. 4853)

MARC details
000 -LEADER
fixed length control field 01234cam a22002294a 4500
005 - ΗΜΕΡΟΜΗΝΙΑ ΚΑΙ ΩΡΑ ΤΕΛΕΥΤΑΙΑΣ ΕΝΗΜΕΡΩΣΗΣ
Πεδίο ελέγχου 20250605164156.0
008 - FIXED-LENGTH DATA ELEMENTS--GENERAL INFORMATION
Πεδίο ελέγχου σταθερού μήκους 250528s ||||||||||||||||||||||||d
035 ## - SYSTEM CONTROL NUMBER
System control number 19597
020 ## - ISBN
ISBN 9607344286
040 ## - ΠΗΓΗ ΚΑΤΑΛΟΓΟΓΡΑΦΗΣΗΣ
Φορέας πρωτότυπης καταλογογράφησης MC Athens Campus Library
Γλώσσα καταλογογράφησης Ελληνικά, Μοντέρνα (1453-)
Modifying agency MC Athens Campus Library
Κανόνες περιγραφικής καταλογογράφησης AACR2
245 1# - ΤΙΤΛΟΣ ΚΑΙ ΔΗΛΩΣΗ ΥΠΕΥΘΥΝΟΤΗΤΑΣ
Τίτλος ΕΡΕΥΝΑ ΑΓΟΡΑΣ
250 ## - EDITION STATEMENT
Edition statement 1
260 ## - PUBLICATION, DISTRIBUTION, ETC.
Name of publisher, distributor, etc. Συγχρονη Εκδοτικη,
Date of publication, distribution, etc. 1994
300 ## - PHYSICAL DESCRIPTION
Extent 255
505 0# - FORMATTED CONTENTS NOTE
Formatted contents note ΕΙΣΑΓΩΓΗ ΣΤΗΝ ΕΡΕΥΝΑ ΑΓΟΡΑΣ ΚΑΙ ΤΟΝ ΣΧΕΔΙΑΣΜΟ ΤΗΣ Ο ΡΟΛΟΣ ΤΗΣ ΕΡΕΥΝΑΣ ΑΓΟΡΑΣ ΣΤΗ ΔΙΑΔΙΚΑΣΙΑ ΤΟΥ ΔΙΟΙΚΗΤΙΚΟΥ MARKETING ΤΟ ΠΡΟΒΛΗΜΑ ΤΗΣ ΕΡΕΥΝΑΣ ΟΡΙΣΜΟΣ ΚΑΙ ΣΚΟΠΟΙ ΤΩΝ ΠΗΓΩΝ ΠΛΗΡΟΦΟΡΙΩΝ
520 ## - SUMMARY, ETC.
Summary, etc. ΕΙΣΑΓΩΓΗ ΣΤΗΝ ΕΡΕΥΝΑ ΑΓΟΡΑΣ ΚΑΙ ΤΟΝ ΣΧΕΔΙΑΣΜΟ ΤΗΣ Ο ΡΟΛΟΣ ΤΗΣ ΕΡΕΥΝΑΣ ΑΓΟΡΑΣ ΣΤΗ ΔΙΑΔΙΚΑΣΙΑ ΤΟΥ ΔΙΟΙΚΗΤΙΚΟΥ MARKETING ΤΟ ΠΡΟΒΛΗΜΑ ΤΗΣ ΕΡΕΥΝΑΣ ΟΡΙΣΜΟΣ ΚΑΙ ΣΚΟΠΟΙ ΤΩΝ ΠΗΓΩΝ ΠΛΗΡΟΦΟΡΙΩΝ
700 1# - ΠΡΟΣΘΕΤΗ ΑΝΑΓΡΑΦΗ--ΦΥΣΙΚΟ ΠΡΟΣΩΠΟ
Personal name Κιουλαφας Κ.Κ
9 (RLIN) 1044
700 1# - ΠΡΟΣΘΕΤΗ ΑΝΑΓΡΑΦΗ--ΦΥΣΙΚΟ ΠΡΟΣΩΠΟ
Personal name Κυριαζοπουλος Παν. Γ
9 (RLIN) 5651
942 ## - ADDED ENTRY ELEMENTS (KOHA)
Koha item type Books
Holdings
Τύπος τεκμηρίου Βιβλιοθήκη Τρέχουσα τοποθεσία Barcode Αριθμός εισαγωγής Ημερομηνία απόκτησης Ταξιθετικό σύμβολο Αριθμός αντιτύπου Κατάσταση απόσυρσης Κατάσταση χαμένου Κατάσταση κατεστραμμένου Μη δανεισμός Σύνολο δανεισμών Ημερομηνία τελευταίας εμφάνισης Η τιμή ισχύει από
Books MC Thessaloniki Campus Library MC Thessaloniki Campus Library 9780000048523 1681 05/06/2025 658.83 ΚΥΡ 1           05/06/2025 05/06/2025

MC Athens Campus Library
Πατησίων 94 & Κοδριγκτώνος 13, 104 34
Πελλήνης 8 & Πατησίων 107, 112 51
Τ: +30 210 8899600

MC Thessaloniki Campus Library
Ίωνος Δραγούμη 21, 54625 | Ίωνος Δραγούμη 15, 54625
Τ: +30 2310 287779 – Τ: +30 2314 440300